Statistics for Disney Princess Movies by Picture.

Click here to take the quiz!

General Stats

  • This quiz has been taken 116 times
    (103 since last reset)
  • The average score is 10 of 12

Answer Stats

Answer% Correct
Moana
96%
Frozen
95%
Cinderella
94%
Mulan
94%
The Little Mermaid
94%
Tangled
90%
Brave
89%
The Princess and the Frog
88%
Aladdin
87%
Pocahontas
83%
Sleeping Beauty
77%
Snow White and the 7 Dwarves
49%

Score Distribution

Percentile by Number Answered

Percent of People with Each Score

Your Score History

You have not taken this quiz since the last reset